000 00550nam a22001697a 4500
003 OSt
005 20260202113648.0
008 260128b |||||||| |||| 00| 0 eng d
040 _cMRSPTU
041 _aENG
100 _aHardeep Singh , Supervisor: Dr. Rakesh Kumar Singla
245 _aExperimental Investigation of Partial Replacement of Cement Limestone Powder
260 _bDepartment of Civil Engg. MRSPTU, Bathinda
_c2014
650 _aCivil Engineering
856 _uhttp://localhost:8080/xmlui/handle/123456789/1012
942 _2ddc
_cTH
_n0
999 _c10775
_d10775